000 00281nam a22001337a 4500
008 170202b xxu||||| |||| 00| 0 eng d
020 _a891598
041 _aeng
080 _a61
100 _a3
101 _ashm
245 _aHEALTH/ THE BASICS
_cDONATELLE, R.J
942 _2udc
_cBK
999 _c4373
_d4373